MARC details
| 000 -LEADER |
| fixed length control field |
01604cam a2200349Mu 4500 |
| 003 - CONTROL NUMBER IDENTIFIER |
| control field |
URS |
| 005 - DATE AND TIME OF LATEST TRANSACTION |
| control field |
20221125082330.0 |
| 008 - FIXED-LENGTH DATA ELEMENTS--GENERAL INFORMATION |
| fixed length control field |
220827s2022 ag o ||| 0 spa d |
| 040 ## - CATALOGING SOURCE |
| Original cataloging agency |
EBLCP |
| Language of cataloging |
eng |
| Transcribing agency |
EBLCP |
| Modifying agency |
JSTOR |
| -- |
EBLCP |
| -- |
OCLCF |
| Transcribing agency |
URS |
| 020 ## - INTERNATIONAL STANDARD BOOK NUMBER |
| International Standard Book Number |
9789585495708 |
| Qualifying information |
(electronic bk.) |
| 020 ## - INTERNATIONAL STANDARD BOOK NUMBER |
| International Standard Book Number |
9585495708 |
| Qualifying information |
(electronic bk.) |
| 050 #4 - LIBRARY OF CONGRESS CALL NUMBER |
| Classification number |
HN110.5.Z9 |
| Item number |
A543 2022 |
| 100 1# - MAIN ENTRY--PERSONAL NAME |
| Personal name |
Angarita Cañas, Pablo Emilio. |
| 245 10 - TITLE STATEMENT |
| Title |
De Territorios Violentos a la Paz Territorial |
| Medium |
[electronic resource] : |
| Remainder of title |
Territorios, Violencias, Prisiones e Inseguridades. |
| 260 ## - PUBLICATION, DISTRIBUTION, ETC. |
| Place of publication, distribution, etc. |
Buenos Aires : |
| Name of publisher, distributor, etc. |
Consejo Latinoamericano de Ciencias Sociales, |
| Date of publication, distribution, etc. |
2022. |
| 300 ## - PHYSICAL DESCRIPTION |
| Extent |
1 online resource (332 p.) |
| 500 ## - GENERAL NOTE |
| General note |
Description based upon print version of record. |
| 590 ## - LOCAL NOTE (RLIN) |
| Local note |
JSTOR |
| Provenance (VM) [OBSOLETE] |
Books at JSTOR Open Access |
| 650 #0 - SUBJECT ADDED ENTRY--TOPICAL TERM |
| Topical term or geographic name entry element |
Violent crimes |
| Geographic subdivision |
Latin America. |
| 650 #0 - SUBJECT ADDED ENTRY--TOPICAL TERM |
| Topical term or geographic name entry element |
Criminal justice, Administration of |
| Geographic subdivision |
Latin America. |
| 650 #0 - SUBJECT ADDED ENTRY--TOPICAL TERM |
| Topical term or geographic name entry element |
Internal security |
| Geographic subdivision |
Latin America. |
| 650 #0 - SUBJECT ADDED ENTRY--TOPICAL TERM |
| Topical term or geographic name entry element |
Conflict management |
| Geographic subdivision |
Latin America. |
| 650 #7 - SUBJECT ADDED ENTRY--TOPICAL TERM |
| Topical term or geographic name entry element |
Conflict management. |
| Source of heading or term |
fast |
| Authority record control number or standard number |
(OCoLC)fst00874778 |
| 650 #7 - SUBJECT ADDED ENTRY--TOPICAL TERM |
| Topical term or geographic name entry element |
Criminal justice, Administration of. |
| Source of heading or term |
fast |
| Authority record control number or standard number |
(OCoLC)fst00883246 |
| 650 #7 - SUBJECT ADDED ENTRY--TOPICAL TERM |
| Topical term or geographic name entry element |
Internal security. |
| Source of heading or term |
fast |
| Authority record control number or standard number |
(OCoLC)fst00976624 |
| 650 #7 - SUBJECT ADDED ENTRY--TOPICAL TERM |
| Topical term or geographic name entry element |
Violent crimes. |
| Source of heading or term |
fast |
| Authority record control number or standard number |
(OCoLC)fst01167321 |
| 651 #7 - SUBJECT ADDED ENTRY--GEOGRAPHIC NAME |
| Geographic name |
Latin America. |
| Source of heading or term |
fast |
| Authority record control number or standard number |
(OCoLC)fst01245945 |
| 776 08 - ADDITIONAL PHYSICAL FORM ENTRY |
| Relationship information |
Print version: |
| Main entry heading |
Angarita Cañas, Pablo Emilio |
| Title |
De Territorios Violentos a la Paz Territorial |
| Place, publisher, and date of publication |
Buenos Aires : Consejo Latinoamericano de Ciencias Sociales,c2022 |
| 856 40 - ELECTRONIC LOCATION AND ACCESS |
| Uniform Resource Identifier |
<a href="https://www.jstor.org/stable/10.2307/j.ctv2v88cdt">https://www.jstor.org/stable/10.2307/j.ctv2v88cdt</a> |
| 942 ## - ADDED ENTRY ELEMENTS (KOHA) |
| Source of classification or shelving scheme |
Library of Congress Classification |
| Koha item type |
E-Book |
| 994 ## - |
| -- |
92 |
| -- |
PHURS |